000 00905nam a2200241Ia 4500
008 130821s1987 sp gr spa
020 _a8420659541
040 _aCo-BoUCM
_bspa
041 0 0 _aspa
100 1 _aSamósata, Luciano de
_d125 a. C. - 192 a. C.
_9164422
245 1 0 _aDiálogos de los Dioses
_cLuciano de Samósata ;traducción, introducción y notas de Juan Zaragoza Botella
260 _aMadrid (España)
_bAlianza Editorial
_c1987
300 _a230 páginas
490 _aEl Libro de Bolsillo.
_v8280
_aBiblioteca Temática.
_aClásicos de Grecia y Roma
501 _aDiálogos de las cortesanas
501 _aDiálogos de los muertos
501 _aDiálogos marinos
650 0 4 _aLiteratura griega
_976
650 0 4 _aTeatro griego
_925065
700 1 _aZaragoza Botella, Juan
_etrad.
_9164423
942 _cLIBRO
_a18
_e1
_mS191d
_2DEWEY
_h888.7
999 _c57489
_d57489